000 03476 a2200361 4500
008 090905t xxu||||| |||| 00| 0 hin d
010 _aB-300402-412
020 _a8186098623
_c500.00
035 _aB-300402-412
037 _bपापुलर बुक ढिपो
040 _adpl
_bHIN
082 _a616
100 _aगुप्ता, राजकुमारी
245 _aसामान्य रोगों की सरल चिकित्सा /
_c राजकुमारी गुप्ता
260 _aजयपुर
_bपापुलर बुक डिपो
_c2008
260 _aजयपुर
270 _aजी-15,एस.एस.टॉवर,धामाणी गली,चौड़ा रास्ता
_bजयपुर
_e302003
300 _a443पृ
_c22सेमी (सजिल्द)
700 _aगुप्ता, राजकुमारी
942 _adpl
_cHN
_2ddc
_h616
_mगुप्तारा
999 _c12585
_d12585